|
|
|
|
| LEADER |
00000nab a2200000 a 4500 |
| 001 |
vtls010592930 |
| 003 |
SK-MaSNL |
| 005 |
20260305002312.0 |
| 008 |
140506c2013 xo br p 000 a0slo |
| 015 |
|
|
|a SNBRB2014/04
|
| 038 |
|
|
|a SVKPOCL
|
| 040 |
|
|
|a SVKPOCL
|b slo
|c SVKPOCL
|e AACR2
|
| 041 |
0 |
|
|a slo
|
| 044 |
|
|
|a xo
|c SK
|
| 080 |
|
|
|a 80(=16)+908(4)
|2 2001
|
| 080 |
|
|
|a (048.8)
|2 2001
|
| 080 |
|
|
|a 81'1
|2 2001
|
| 080 |
|
|
|a 811.162.4
|2 2001
|
| 080 |
|
|
|a 81`271
|2 2001
|
| 080 |
|
|
|a 81`28
|2 2001
|
| 080 |
|
|
|a (437.6)
|2 2001
|
| 100 |
1 |
|
|a Ramšáková, Anna,
|d 1977-
|4 aut
|9 56122
|
| 245 |
1 |
0 |
|a Opakovanie je matkou múdrosti
|c Anna Ramšáková
|
| 500 |
|
|
|a Časopis vychádza aj online na stránke http://www.juls.savba.sk/ediela/ks/
|
| 500 |
|
|
|a V rubrike Správy a posudky
|
| 650 |
0 |
7 |
|a lingvistika
|2 svkpocl
|9 860
|
| 650 |
0 |
7 |
|a slovenčina
|2 svkpocl
|9 1350
|
| 650 |
0 |
7 |
|a jazyková kultúra
|2 svkpocl
|9 1395
|
| 650 |
0 |
7 |
|a dialektológia
|2 svkpocl
|9 13485
|
| 650 |
0 |
7 |
|a slavistika
|2 svkpocl
|9 4282
|
| 650 |
0 |
7 |
|a sotácke nárečie
|2 svkpocl
|9 704222
|
| 650 |
0 |
7 |
|a publikácie
|2 svkpocl
|9 19587
|
| 651 |
|
7 |
|a Zemplín (Slovensko : región)
|2 svkpocl
|9 16697
|
| 655 |
|
7 |
|a recenzie
|2 svkpocl
|9 21907
|
| 655 |
|
7 |
|a články z novín a časopisov
|2 svkpocl
|9 267496
|
| 773 |
0 |
|
|t Kultúra slova
|g Roč. 47, č. 6 (2013), s. 354-361
|x 0023-5202
|
| 787 |
0 |
8 |
|i Rec.:
|a Franko, Michal, 1930-
|t Slovo o reči : pohľady pedagóga na aktuálne problémy jazykovej kultúry a na sotácke nárečie
|d Michalovce : Zemplínska spoločnosť, 2011
|z 9788089252084
|
| 852 |
|
|
|a SVKPO
|b KIS3GCP
|
| 856 |
4 |
1 |
|a http://www.juls.savba.sk/ediela/ks/
|
| 958 |
|
|
|a SK
|
| 958 |
|
|
|a SS
|
| 958 |
|
|
|a RC
|
| 999 |
|
|
|c 3224924
|d 3226854
|